000 00527nam a2200157 4500
001 109091
003 ES-MaACL
005 20230906184756.0
007 t|
008 061121s1924 sp r ||||1| spa d
100 1 _aMozas Mesa, Manuel.
_983999
245 1 0 _aDon José de Carvajal y Lancaster, ministro de Frenando VI
_b: ( Apuntes de su vida y labor política) /
_cManuel Mozas Mesa.
260 _aJaén :
_b[s.n.],
_c1924 (
_fTipografía del Hospicio de Hombres)
300 _a159 p. ;
_c22 cm.
852 _aES-MaACL
_jF-9942
999 _c109091
_d109091